Retrouve le chanteur grâce aux prénoms dans les chansons - Statistiques

Statistiques générales
  • Ce quiz a été pris 166 fois
  • Le résultat moyen est 10 sur 15
Statistiques - réponses
paroles Chanteur % Correct
Joe le TaxiC'est sa vie Le rhum au mambo Embouteillage Vanessa Paradis
89%
J'me présente, je m'appelle Henri J'voudrais bien réussir ma vie, être aimé Daniel Balavoine
82%
Et j'ai crié, crié, Aline Cristophe
78%
Vas-y Francky, c'est bonVas-y Francky, c'est bon, bon, bon Francky Vincent
78%
Laura, y a tant d'hommes que je ne suis pas Johnny Hallyday
77%
Lucie, Lucie c'est moi je saisIl y a des soirs comme ça où tout S'écroule autour de vous Sans trop savoir pourquoi toujours Pascal Obispo
77%
Aïcha, Aïcha, écoute-moiAïcha, Aïcha, t'en vas pas Aïcha, Aïcha, regarde-moi, oh-oh Aïcha, Aïcha, réponds-moi Khaled
71%
Moi je m'appelle LolitaLo ou bien Lola, du pareil au même Alizée
69%
Elle s'appelait Sarah, elle avait pas 8 ans Jean-Jacques Goldman
69%
Mélissa Mélissa, métisse d'Ibiza, vit toujours dévétue Julien Clerc
64%
oi, j'avais le soleilJour et nuit dans les yeux d'Émilie Je réchauffais ma vie à son sourire Joe Dassin
63%
Lola, j'suis comme un fantôme, quand tu vas où j'suis pas Renaud
60%
Allez, Andy, quoi, Oh dis-moi oui Rita Mitsouko
55%
Moi, je l'appelle Amber mais son blase, c'est AmbreJ'voulais m'la ken depuis l'collège mais j'étais trop un cancre Zola
18%
Juliette je t'aimeJuliette je t'aime Vraiment c'est bien toi la plus jolie Bernard Minet
12%
Aucun quiz correspondant
Distribution des résultats
% des personnes avec chaque résultat
Percentile par nombre de réponses
Votre historique - résultats
Vous n’avez pas pris ce quiz